New Jersey Major & Minor Teams - Statistics

General Stats
  • This quiz has been taken 52 times
  • The average score is 9 of 15
Answer Stats
NCAA % Correct
New Jersey Devils
100%
New York Jets
97%
New York Giants
94%
Rutgers Scarlet Knights
88%
New York Red Bulls
66%
Princeton Tigers
66%
Jersey Shore BlueClaws
56%
Somerset Patriots
53%
Saint Peter's Peacocks
50%
Seton Hall Pirates
50%
Fairleigh Dickinson Knights
44%
New Jersey Generals
44%
Monmouth Hawks
41%
NJIT Highlanders
34%
Rider Broncs
25%
No matching quizzes found
Score Distribution
Percent of People with Each Score
Percentile by Number Answered
Your Score History
You have not taken this quiz